Emails desde la isla del Caimán Tuerto /

Guardado en:
Autor Principal: Accame, Jorge.
Otros Autores: Accame, Pablo; il.
Formato: Libro
Publicado: Buenos Aires : La brujita de papel, 2021.
Materias:
Etiquetas: Agregar Etiqueta
Sin Etiquetas, Sea el primero en etiquetar este registro!
LEADER 00655nam a22002055a 4500
001 CEM.cems019574
008 220926s2021##################000#0#####d
005 20220926131430.0
245 1 0 |a Emails desde la isla del Caimán Tuerto /  |c Jorge Accame; ilustrado por Pablo Acamme. 
260 |a Buenos Aires :  |b La brujita de papel,  |c 2021. 
300 |a 32 p. 
020 |a 9789874918819 
100 1 |a Accame, Jorge. 
700 1 |a Accame, Pablo; il. 
082 0 4 |a A868.4 
653 |a Literatura 
653 |a Literatura argentina 
653 |a Literatura infantil 
653 |a Cuentos infantiles 
859 |a CEMS  |b BIB. CEMS - Inicial y Primaria  |h A868.4  |i Ac21  |k IP  |p 6471  |t Ej.1